| 000 | 00910nas a2200289 4500 | ||
|---|---|---|---|
| 001 | BR0601648 | ||
| 003 | BR-BrBNA | ||
| 005 | 20231205105940.0 | ||
| 007 | ta | ||
| 008 | 230509b bl.|||p| |||| 00| 00por d | ||
| 040 |
_aBR-BrBNA _bpor _cBiblioteca Nacional de Agricultura |
||
| 041 | _a(Pt) | ||
| 072 | _aP35; P33 | ||
| 100 | 1 | _aRosa Júnior, E.J. | |
| 100 | 1 | _aMartins, R.M.G. | |
| 100 | 1 | _aRosa, Y.B.C.J. | |
| 100 | 1 | _aCremon, C. | |
| 245 | 1 | _aCalcário e gesso como condicionantes físico e químico de um solo de cerrado sob três sistemas de manejo | |
| 650 | _aMANEJO DO SOLO | ||
| 650 | _aCALAGEM | ||
| 650 | _aGESSO | ||
| 650 | _aCONDICIONADOR DO SOLO | ||
| 650 | _aPROPRIEDADE FÍSICO-QUÍMICA | ||
| 773 | 0 |
_tPesquisa Agropecuária Tropical (Brazil) _xISSN 1517-6398 _g(Jan-Apr 2006), v. 36(1) p. 37-44 _wBR0601648 |
|
| 909 |
_a202311 _bLúcia _c55 _dLúcia Elande |
||
| 942 |
_2AGRIS _n0 _cANA |
||
| 999 |
_c185499 _d185499 |
||